Chemical Engineering Thermodynamics (Record no. 2439)

MARC details
000 -LEADER
fixed length control field 00346nam a2200145Ia 4500
003 - CONTROL NUMBER IDENTIFIER
control field OSt
008 - FIXED-LENGTH DATA ELEMENTS--GENERAL INFORMATION
fixed length control field 191201s2003 xx 000 0 und d
082 ## - DEWEY DECIMAL CLASSIFICATION NUMBER
Classification number 660.296
Item number RAC
100 ## - MAIN ENTRY--PERSONAL NAME
Personal name RAO, R P
245 #0 - TITLE STATEMENT
Title Chemical Engineering Thermodynamics
260 ## - PUBLICATION, DISTRIBUTION, ETC. (IMPRINT)
Place of publication, distribution, etc New Delhi
Name of publisher, distributor, etc University Press
Date of publication, distribution, etc 2003
300 ## - PHYSICAL DESCRIPTION
Extent 601
650 ## - SUBJECT ADDED ENTRY--TOPICAL TERM
Topical term or geographic name as entry element Applied
942 ## - ADDED ENTRY ELEMENTS (KOHA)
Source of classification or shelving scheme Dewey Decimal Classification
Koha item type Text Books
Holdings
Withdrawn status Lost status Source of classification or shelving scheme Damaged status Not for loan Collection code Home library Current library Date acquired Source of acquisition Cost, normal purchase price Bill Number Total Checkouts Full call number Acc. no. / Barcode Date last seen Bill Date Koha item type
    Dewey Decimal Classification     Applied Sc. PIET C-LIBRARY PIET C-LIBRARY 12/09/2006 VAIBHAV BOOK SERVICE 900.00 259   660.296 RAC 5206 04/12/2019 26/08/2005 Text Books
    Dewey Decimal Classification     Applied Sc. PIET C-LIBRARY PIET C-LIBRARY 12/09/2006 VAIBHAV BOOK SERVICE 900.00 259   660.296 RAC 5207 04/12/2019 26/08/2005 Reference Books

Design & Developed by: PIET Central Library
R70 Miles Stone Pattikalyana Samalkha Panipat 132102
mail ID :- [email protected], Phone No:- 0180-2569700 Ex.216